000 00695cam a22002173a 4500
001 43849
003 PGUSA
005 20140828084011.0
008 130930s2013||||xxu|||||s|||||000 | eng d
040 _aPGUSA
_beng
042 _adc
100 1 _aDoublet, Jean
245 1 0 _aJournal du corsaire Jean Doublet de Honfleur :
_bPublié d'après le manuscrit autographe avec introduction, notes et additions
_h[electronic resource] /
_cJean Doublet
260 _bProject Gutenberg,
_c2013
506 _aPublic domain in the USA.
516 _aElectronic text
700 1 _aBréard, Charles
830 0 _aProject Gutenberg
_v43849
856 4 0 _uhttp://www.gutenberg.org/ebooks/43849
942 _cEB
999 _c273100
_d273100